LOTR Characters by Quote Quiz Stats

 Plays Quiz Updated Oct 31, 2018

Score 0/20 Timer 06:00
4 Plays Today
Quote Character % Correct
'Many that live deserve death. And some that die deserve life. Can you give it to them? Then do not be too eager to deal out death in judgement.'Gandalf
93%
'I don't know half of you half as well as I should like; and I like less than half of you half as well as you deserve.'Bilbo
88.9%
'Yes, I am white now, Indeed I am Saruman, one might almost say, Saruman as he should have been.'Gandalf
83.4%
'Here do I swear fealty and service to Gondor, and to the Lord and Steward of the realm, to speak and to be silent, to do and to let be, to come and to go, in need or plenty...'Pippin
82.7%
'We promises, yes I promise! I will serve the master of the Precious.'Gollum
82.4%
'Arise, arise, Riders of Théoden! Fell deeds awake, fire and slaughter! spear shall be shaken, shield be splintered, a sword-day, a red day, ere the sun rises! Ride now, ride now!Theoden
82%
'I will take the Ring, though I do not know the way'Frodo
81.7%
'I am the daughter of Elrond. I shall not go with him now when he departs to the Havens; for mine is the choice of Lúthien, and as she so have I chosen...'Arwen
68.3%
'And now at last it comes. You will give me the Ring freely! In place of the Dark Lord you will set up a Queen. And I shall not be dark, but beautiful and terrible as the Morning..Galadriel
67.8%
We must take a hard road, a road unforeseen. There lies our hope, if hope it be. To walk into peril — to Mordor. We must send the Ring to the Fire.'Elrond
64.1%
Quote Character % Correct
'My name is growing all the time, and I've lived a very long, long time; so my name is like a story.'Treebeard
63.6%
''Come! Let us go on! The thought of those merry young folk driven like cattle burns my heart.'Legolas
63.3%
'Eldest, that's what I am. Mark my words, my friends: Tom was here before the river and the trees; Tom remembers the first raindrop and the first acorn.'Tom Bombadil
61.8%
'A cage,' she said. 'To stay behind bars, until use and old age accept them, and all chance of doing great deeds is gone beyond recall or desire.'Eowyn
59.8%
'For myself. I would see the White Tree in flower again in the courts of the kings, and the Silver Crown return, and Minas Tirith in peace...'Faramir
59.5%
'I thought that Elves were all for moon and stars: but this is more elvish than anything I ever heard tell of. I feel as if I was inside a song, if you take my meaning.'Sam
59.4%
'If I hear not allowed much oftener, I'm going to get angry.'Sam
47.9%
Many evil things there are that your strong walls and bright swords do not stay. You know little of the lands beyond your bounds. Peace and freedom, do you say?'Aragorn
46.7%
'The Ring'll be found, and there'll be no more songs.'Sam
45%
'Torment in the dark was the danger that I feared, and it did not hold me back. But I would have never come, had I known the danger of light and joy.'Gimli
40%

You're not logged in!

Compare scores with friends on all Sporcle quizzes.
OR
Log In

Sporcle TV

Today on Sporcle TV


Watch our educational content, quiz creation guides, and fun videos on Sporcle TV.

Show Comments

Extras

Top Quizzes Today


Score Distribution

Your Account Isn't Verified!

In order to create a playlist on Sporcle, you need to verify the email address you used during registration. Go to your Sporcle Settings to finish the process.

Report this User

Report this user for behavior that violates our Community Guidelines.

Details: